Voda pre parné rušne

Bibliographic Details
Main Authors: Trcka, Ján (Author), Hanák, František (Author)
Format: Book
Language:Slovak
PhysicalDescription:379 strán fotografie, grafy, ilustrácie, tabuľky 22 cm
Published: Praha Dopravní nakladatelství 1959
Edition:I. vydání
Subjects:

MARC

LEADER 00000nam a2200000 4500
001 vtls011916773
003 SK-MaSNL
005 20260302023319.0
008 250311s1959 xr odalgrn 000 0 slo
015 |a SNBA1959 
020 |q (viazané) 
035 |a urn:nbn:sk:snk-am00fi8b 
035 |a urn:nbn:sk:snk-am3ityv 
035 |a E5DB7E5B-9AED-4AE3-A5C1-0FFD98B4E268 
040 |a SNK  |b slo  |c SNK  |e rda 
041 0 |a slo 
044 |a xr  |c CZ 
072 7 |a 543  |x Analytická chémia  |2 konspekt 
080 |a 546.212  |2 2011 
080 |a 621.18  |2 2011 
080 |a 543.3  |2 2011 
080 |a (048.8)  |2 2011 
080 |a 629.422  |2 2011 
100 1 |a Trcka, Ján  |4 aut  |9 519736 
245 1 0 |a Voda pre parné rušne  |c Ján Trcka, František Hanák 
250 |a I. vydání 
264 1 |a Praha  |b Dopravní nakladatelství  |c 1959 
264 3 |a Plzeň  |b Stráž 
300 |a 379 strán  |b fotografie, grafy, ilustrácie, tabuľky  |c 22 cm 
336 |a text  |b txt  |2 rdacontent 
337 |a bez média  |b n  |2 rdamedia 
338 |a zväzok  |b nc  |2 rdacarrier 
366 |e 1500 kusov 
504 |a Bibliografia na strane 371-379 
650 0 7 |a parné kotly  |2 SNKPH  |9 15117 
650 0 7 |a Steam-boilers  |2 SNKPHeng  |9 482731 
650 0 7 |a Steam locomotives  |2 SNKPHeng  |9 353148 
650 0 7 |a parné lokomotívy  |2 SNKPH  |9 75551 
650 0 7 |a analýza vody  |2 SNKPH  |9 20954 
650 0 7 |a Water analysis  |2 SNKPHeng  |9 312490 
650 0 7 |a 556  |2 2011  |9 669932 
650 0 7 |a voda  |2 SNKPH  |9 854 
650 0 7 |a Water  |2 SNKPHeng  |9 291971 
655 7 |a monografie  |2 SNKPH  |9 70139 
655 7 |a Monographs  |2 SNKPHeng  |9 120675 
700 1 |a Hanák, František  |4 aut  |9 380507 
852 |a Slovenská národná knižnica 
958 |a NB 
958 |a OND 
999 |c 1036039  |d 1037969 
952 |a SNK  |b SNK  |y PREZ  |7 0  |p 17A0844919  |o snkSC 13257  |i snkKIP 4583/59  |0 0  |1 0  |4 0  |d 2020-02-11  |f 1  |l 0  |r 2025-07-16 00:00:00  |w 2026-02-24